Los exámenes. los medios de evaluación en la enseñanza /

Guardado en:
Autor Principal: Hotyat, F.
Formato: Libro
Publicado: Argentina : Kapelusz, 1965
Series:Bca. de Cultura Pedag¢gica, 90
Materias:
Etiquetas: Agregar Etiqueta
Sin Etiquetas, Sea el primero en etiquetar este registro!
LEADER 01258nam a22002415a 4500
001 CEM.cems003306
005 19000101000000.0
008 130507s1965##################000#0#####d
003 CEMS
082 0 4 |a 371.27 
100 1 |a Hotyat, F. 
245 1 0 |a Los exámenes. los medios de evaluación en la enseñanza /  |c F. Hotyat 
260 |a Argentina :  |b Kapelusz,  |c 1965 
300 |a 226 p. 
490 0 |a Bca. de Cultura Pedag¢gica, 90 
505 0 |a Breve resumen hist¢rico.-Los objetivos y la clasificaci¢n de los ex menes.-Algunas consideraciones técnicas de orden general.-Modos de evaluaci¢n: examen cr¡tico.-Los examenes en la vida escolar.-Las respercusiones de los examenes.-El mejoramiento de los ex manes.-La formaci¢n del personal en el uso y elaboraci¢n de medios de evaluaci¢n.-Apéndice: régimen de ex menes en algunos pa¡ses.- Algunas notas de terminolog¡a estad¡stica.- 
653 |a Educacion 
653 |a Evaluacion escolar 
653 |a Examenes 
859 |a CEMS  |b BIB. CEMS - 11 de abril  |h 371.27  |i H798  |p 3020.74  |t Ej.1 
859 |a CEMS  |b BIB. CEMS - 11 de abril  |h 371.27  |i H798  |p 3021.74  |t Ej.2 
859 |a CEMS  |b BIB. CEMS - 11 de abril  |h 371.27  |i H798  |p 3022.74  |t Ej.3 
859 |a CEMS  |b BIB. CEMS - 11 de abril  |h 371.27  |i H798  |p 3023.74  |t Ej.4